| Tag |
First Indicator |
Second Indicator |
Subfields |
| LEADER |
00000cam a2200000 a 4500 |
| 001 |
in00001716721 |
| 005 |
20151024183356.0 |
| 008 |
940426s1993 ilua b 001 0 eng d |
| 010 |
|
|
|a 94151026
|
| 016 |
7 |
|
|a 9431238
|2 DNLM
|
| 019 |
|
|
|a 29529948
|
| 020 |
|
|
|a 0931828945 (alk. paper)
|
| 035 |
|
|
|a (OCoLC)ocm29408278
|
| 040 |
|
|
|a DNLM
|c DLC
|d NLM
|d TXI
|d OHI
|d VVK
|d UIU
|d AGL
|d LVB
|d TXA
|d UtOrBLW
|
| 042 |
|
|
|a lccopycat
|
| 043 |
|
|
|a n-us---
|
| 049 |
|
|
|a TXAM
|
| 050 |
0 |
0 |
|a Z110.C7
|b R58 1993
|
| 060 |
0 |
0 |
|a Z 266
|b R615p 1993
|
| 070 |
0 |
|
|a Z110.C7R58
|b 1993
|
| 072 |
|
0 |
|a X200
|
| 082 |
0 |
0 |
|a 025.8/4
|2 21
|
| 100 |
1 |
|
|a Ritzenthaler, Mary Lynn.
|
| 245 |
1 |
0 |
|a Preserving archives and manuscripts /
|c by Mary Lynn Ritzenthaler.
|
| 264 |
|
1 |
|a Chicago :
|b Society of American Archivists,
|c 1993.
|
| 300 |
|
|
|a ix, 225 pages :
|b illustrations ;
|c 29 cm.
|
| 336 |
|
|
|a text
|b txt
|2 rdacontent
|
| 337 |
|
|
|a unmediated
|b n
|2 rdamedia
|
| 338 |
|
|
|a volume
|b nc
|2 rdacarrier
|
| 490 |
1 |
|
|a Archival fundamentals series
|
| 504 |
|
|
|a Includes bibliographical references (pages 159-168) and index.
|
| 650 |
|
0 |
|a Manuscripts
|x Conservation and restoration
|z United States.
|
| 650 |
|
0 |
|a Archival materials
|x Conservation and restoration
|z United States.
|
| 830 |
|
0 |
|a Archival fundamentals series.
|
| 994 |
|
|
|a E0
|b TXA
|
| 948 |
|
|
|a cataloged
|b h
|c 2002/12/5
|d c
|e mzajicek
|f 11:46:23 am
|
| 999 |
|
|
|a MARS
|
| 999 |
f |
f |
|s 39f85729-2092-3727-b660-3fb31274e700
|i 7086a171-4163-371d-8804-bb031dcafc89
|t 0
|
| 952 |
f |
f |
|p noncirc
|a Texas A&M University
|b College Station
|c Cushing Memorial Library & Archives
|d Cushing: Reference (Does not check out)
|t 0
|e Z110.C7 R58 1993
|h Library of Congress classification
|i unmediated -- volume
|
| 998 |
f |
f |
|a Z110.C7 R58 1993
|t 0
|l Cushing: Reference (Does not check out)
|